| 000 | 00337nam a2200121Ia 4500 | ||
|---|---|---|---|
| 008 | 231129s1989||||xx |||||||||||||| ||spa|| | ||
| 040 | _bspa | ||
| 082 | _a615.7883 M533 | ||
| 245 | 0 | _aMemorias primer seminario de actualizacion en prevencion de la drogadiccion | |
| 260 | _c1989 | ||
| 264 | _aBogotá Colombia : Ceda | ||
| 942 |
_2ddc _cBKS |
||
| 999 |
_c20976 _d20976 |
||